00985nam a2200265 a 450000100100000000500170001000800410002704000250006808200210009324501200011425000110023426000530024530000210029849000520031950000730037150000490044470000350049370000250052870000200055370000220057370000220059570000280061770000210064583000530066600003686120200930080001.0120202s1954 mx 000 0 spa d aDO-SdBNPbspacBNPHU axxxbF673o, 195401aFilosofía del oriente /cChan Wing-Tsit ... [et al.] ; traducción de Jorge Hernández Campos y Jorge Portilla. a2a ed. aMéxico :bFondo de Cultura Económica,c1954. a210 p. ;c17 cm.1 aBreviarios del Fondo de Cultura Económicav28 aIncluye referencias bibliográficas y notas al pie de las páginas aTítulo original. Philosophy east and west.1 aHernández Campos, Jorgeetr.1 aPortilla, Jorgeetr.1 aChan, Wing-Tsit1 aConger, George P.1 aTakakusu, Junjiro1 aSuzuki, Daisetz Teitaro1 aSakamaki, Shunzo 0aBreviarios del Fondo de Cultura Económica;v28